LEADER 01899nam 2200445 a 450 001 9910691207103321 005 20010926085054.0 035 $a(CKB)5470000002345297 035 $a(OCoLC)48030655 035 9 $aocm48030655 035 $a(OCoLC)995470000002345297 035 $a(EXLCZ)995470000002345297 100 $a20010926d2000 ua 0 101 0 $aeng 135 $auran|||||| 181 $ctxt$2rdacontent 182 $cc$2rdamedia 183 $acr$2rdacarrier 200 10$aFederal information security$b[electronic resource] $eactions needed to address widespread weaknesses : statement of Jack L. Brock, Jr., Director, Governmentwide and Defense Information Systems, Accounting and Information Management Division, before the Subcommittee on Government Management, Information, and Technology, Committee on Government Reform, House of Representatives /$fUnited States General Accounting Office 210 1$a[Washington, D.C.] :$cThe Office,$d[2000] 225 1 $aTestimony ;$vGAO/T-AIMD-00-135 300 $a"March 29, 2000." 300 $aPaper version available from the General Accounting Office. 300 $aTitle from title screen. 320 $aIncludes bibliographical references. 517 $aFederal information security 606 $aAdministrative agencies$xData processing$xSecurity measures$zUnited States 606 $aComputer security$zUnited States 606 $aInformation technology$xSecurity measures$zUnited States 615 0$aAdministrative agencies$xData processing$xSecurity measures 615 0$aComputer security 615 0$aInformation technology$xSecurity measures 700 $aBrock$b Jack L$01383468 712 02$aUnited States.$bGeneral Accounting Office. 801 0$bGPO 801 1$bGPO 906 $aBOOK 912 $a9910691207103321 996 $aFederal information security$93433761 997 $aUNINA LEADER 01722nam0 2200421 i 450 001 URB0854670 005 20251003044434.0 010 $a8814151121 020 $aIT$b2009-3555 100 $a20230124d2009 ||||0itac50 ba 101 | $aita 102 $ait 181 1$6z01$ai $bxxxe 182 1$6z01$an 183 1$6z01$anc$2RDAcarrier 200 1 $aDell'azione di annullamento$fRaffaele Tommasini, Elena La Rosa 210 $aMilano$cGiuffrè$d2009 215 $aXIV, 260 p.$d25 cm. 225 | $aˆIl ‰Codice civile.$i Commentario 312 $aTitolo sul dorso: Artt. 1441-1446.$9URB0854672 410 0$1001CFI0051308$12001 $aˆIl ‰Codice civile.$i Commentario 517 1 $aArtt. 1441-1446.$9URB0854672 606 $aAtti giuridici$xAnnullamento$2FIR$3SBLC082286$9I 606 $aContratti$xAnnullabilità$2FIR$3SBLC071157$9I 676 $a346.45$9DIRITTO PRIVATO. ITALIA$v21 676 $a346.45002638$9DIRITTO PRIVATO. ITALIA. Guide a leggi e regolamenti$v21 676 $a346.4502$9DIRITTO PRIVATO. CONTRATTI E RAPPRESENTANZA. ITALIA$v23 676 $a346.45022$9CONTRATTI. PRINCIPI GENERALI. ITALIA$v21 700 1$aTommasini$b, Raffaele$f <1943- >$3CFIV007341$4070$0107763 701 1$aLa Rosa$b, Elena$f <1974- >$3CFIV138225$4070$0438249 801 3$aIT$bIT-000000$c20230124 850 $aIT-BN0095 $aIT-NA0070 901 $bNAP 01$cCOM $n$ 912 $aURB0854670 950 0$aBiblioteca Centralizzata di Ateneo$d 01COM (C) 346.45 COM SCH$e 01C 0800218815 VMA 1 v.$fB $h20121018$i20121018 977 $a 01$a BU 996 $aDell'azione di annullamento$969932 997 $aUNISANNIO